| 000 | 01216nab a2200229 i 4500 | ||
|---|---|---|---|
| 001 | 768714001 | ||
| 003 | CO-MdFUSB | ||
| 005 | 20240620090304.0 | ||
| 008 | 240620t1982 us ||||| |||| 00| 0 eng d | ||
| 040 |
_bspa _cCO-MdFUSB _dCO-MdFUSB |
||
| 041 | _aeng | ||
| 100 |
_aVander Werff, Lyle L., _eautor |
||
| 245 | 1 |
_aOur muslim neighbors : _bthe contribution of Samuel M. Zwemer to christian mission _c/ Lyle Vander Werff |
|
| 520 | _aA medida que los musulmanes se trasladan comercialmente a todos los rincones del mundo, comunicar el evangelio a estos vecinos se convierte en una oportunidad universal. En este oportuno e informativo ensayo histórico, el profesor Vander Werff rastrea la peregrinación y la obra del importante modelo misionero Samuel Zwemer, cuya compasión y amor por los musulmanes motivaron todo su ministerio. | ||
| 546 | _aTexto en inglés. | ||
| 650 | 0 |
_aCristianismo y otras religiones _xIslamismo. _95345 |
|
| 650 | 0 |
_aEvangelización _9362 |
|
| 650 | 7 |
_aMisioneros _9931 |
|
| 773 | 0 |
_049486 _961134 _d Pasadena _oR0880 _tMissiology: _w(CO-MdFUSB)97 _gVolumen 10, (número 2, 1982) páginas: 185 - 197 _qpágina: 185 |
|
| 942 | _cANA | ||
| 945 | _aCatherine Arias Álvarez - Practicante SENA | ||
| 999 |
_c70299 _d70299 |
||